000 00647nam a2200241Ia 4500
003 OSt
005 20221005133014.0
006 a|||||r|||| 00| 0
007 ta
008 221004b |||||||| |||| 00| 0 mal d
024 _a55783
037 _cTextual
040 _aCRL
_cCRL
_bmal
041 _2mal
_amal
082 _aO32,2N172,1, J5
100 _aVarrier Krishna Au.
_9627794
245 0 _aVeeraravi varma chakoirarthi
260 _c1955
650 _a MALAYALAM LITERATURE
_938866
650 _aMALAYALAM DRAMA
_9207189
942 _hO32,2N172,1, J5
_cTEXL
_2cc
999 _c1065440
_d1065440